| 000 | 01064nam a22003017a 4500 | ||
|---|---|---|---|
| 003 | EG-ScBUE | ||
| 005 | 20211101100746.0 | ||
| 008 | 211101s2019 ua o f 000 0cara d | ||
| 017 | _a2012 / 8708 | ||
| 040 |
_aEG-ScBUE _bara _erda _cEG-ScBUE _dEG-ScBUE |
||
| 043 | _af-ua--- | ||
| 082 | 0 | 4 |
_a759.962 _bس ل ا _222 |
| 100 | 1 |
_aعبد السلام، رضا، _eمؤلف. |
|
| 245 | 1 | 0 |
_aجولة المعارض / _cبقلم د. رضا عبد السلام. |
| 250 | _aالطبعة الأولى. | ||
| 264 | 1 |
_aالجيزة، مصر : _bمؤسسة آراك للفنون والثقافة، _c2019. |
|
| 300 |
_a108 صفحة : _bصور ؛ _c27 سم |
||
| 336 |
_2rdacontent _aنص _btxt |
||
| 337 |
_2rdamedia _aبدون وسيط _bn |
||
| 338 |
_2rdacarrier _aمجلد _bnc |
||
| 541 | _cإهداء. | ||
| 650 | 7 |
_aالفنون التشكيلية _zمصر. _2BUEsh |
|
| 650 | 7 |
_aالفن المصري. _2BUEsh |
|
| 650 | 7 |
_aالرسامون المصريون _vتراجم. _2BUEsh |
|
| 653 |
_bART _cNovember2021 |
||
| 655 |
_vReading book _934232 |
||
| 942 | _2ddc | ||
| 999 |
_c29621 _d29592 |
||